| 000 | 00428nam a2200157Ia 4500 | ||
|---|---|---|---|
| 008 | 191201s2008 xx 000 0 und d | ||
| 082 |
_a658.4012 _bPES |
||
| 100 | _aPEARCE, John A | ||
| 245 | 0 | _aStrategic Management Formulation, Implementation, and Control in a Dynamic Environment | |
| 250 | _a10th | ||
| 260 |
_aN.Delhi _bTMH _c2008 |
||
| 300 | _a788 | ||
| 650 | _aMBA | ||
| 700 | _aROBINSON, Richard B. | ||
| 942 |
_2ddc _cBK |
||
| 999 |
_c3567 _d3567 |
||